00944nam a22002297a 4500003000900000008004100009020001800050040007100068082003200139100002400171245010000195260004700295300004600342440002000388505019200408650002300600650001600623650001400639650001000653650000900663710004200672AR-CdUCM190304b ||||| |||| 00| 0 spa d a9786124340246 aMUNICIPALIDAD PROVINCIAL DEL CUSCOcBIBLIOTECA MUNICIPAL DEL CUSCO a985.61/V17MbV17M2Décima aValcárcel, Luis E aMachu Picchu :bEl más famoso monumento arqueológico del Perú /cLuis Eduardo Varcárcel aLima ;bFondo Editorial de la UIGV,c2018. a318 Páginas. :bilustraciones ;c27 cm. aObras Escogidas aContenido: El Imperio Incaico -- Machupicchu el más famoso monumento arqueológico del Perú -- La Región Tampu -- Los centros Poblados -- Huayna Picchu -- Interpretación Final... aEl imperio Incaico aMachupicchu aPachakuti aTampu aInca aUniversidad Inca Garcilaso de la Vega